000 00363nam a2200157Ia 4500
100 _aMandal/S.K
650 _aintervew
942 _cBK
366 _f28
654 _agroup discussion
245 _aHow to succeed in group discussions and personal interview
260 _bJaico Publishing House
_c2014
082 _bMAN
300 _a175
546 _aENGLISH
999 _c18153
_d18153